00325nam a2200121Ia 4500008004100000041000800041082001300049100001500062245004300077260004100120300003300161365000900194240624s9999 xx 000 0 und d aeng a338.4 MA aMA CHENGHU aADVANCED ASSET PRICING THEORY VOLUME 2 c2011aLondonbImperial College Press axxxvi, : 780 : p. : cm. ; 23 cb28